Stardew Trivia (Hard) - Statistics

General Stats
  • This quiz has been taken 20 times
  • The average score is 8 of 15
Answer Stats
Hint Answer % Correct
How many possible love interests are there? Twelve
92%
What vegetable can you find near one of the sewer's entrances? Spring Onion
75%
How many iridium bars do you need to fix the anchor for the boat to Ginger Island? Five
67%
Which sports ball is on Alex's wallpaper? Football
67%
Where do you find Caroline's lost necklace? Bathhouse
58%
What animal does Abigail own? Hamster
58%
What floor of the mines can you catch the rockfish? Twenty
58%
What floor of them mines can you first find skeletons at? Seventy-one
50%
How much gold does it cost to ride in the submarine at the night market? One thousand
42%
What's the sus item that Haley requests for in one of her bulletin board quests? Super Cucumber
42%
What season can you buy icecream? All
33%
What something unusual that Abigail likes to eat? Quartz
33%
Which crop sells for the most? Sweet Gem Berry
33%
How many serpents do you need to kill for the Adventurers Guild quest? Two Hundred Fifty
33%
How many artifacts for the museum are there? Forty-two
8%
No matching quizzes found
Score Distribution
Percent of People with Each Score
Percentile by Number Answered
Your Score History
You have not taken this quiz